000 01295cam a2200301 4500
008 030318n2003 000 0 eng u
020 _a0471218421
035 _a(Sirsi) u121662
041 _aeng
050 _a690
_c21
050 _a692.8
_c18
245 4 _aThe architect's guide to design-build services
260 _aNew Jersey
_bWiley
_c2003
300 _axiv, 434p.
_c24cm.
350 _a48.50
520 _aThis American book considers the growing practice of design-build project delivery and addresses the role architects can assume during a design-build project. Topics covered include: starting out in design-build; risks and rewards of design-build delivery; succeeding in a design-build practice; design-build education; essential practice information; and ethics and licensing laws. Summarises US state laws regulating architects and contractors.
650 _aDESIGN AND BUILD PROJECTS
650 _aDESIGN AND BUILD CONTRACTS
650 _aARCHITECTS
650 _aBUILDING CONTRACTORS
650 _aMANAGEMENT-PROJECT MANAGEMENT
650 _aUNITED STATES
690 _aBUILDING AND CONSTRUCTION-PROJECTS
700 _aQuatman, G. William
_cII
_xEditor
700 _aDhar, Ranjit
_xEditor
710 _aAmerican Institute of Architects
_93839
942 _n0
999 _c102695
_d102695